Diseño de un Sistema de control numérico computarizado CNC, para una Fresadora de madera en tres dimensiones
El presente trabajo consiste en analizar, diseñar e implementar una Maquina de Control Numérico Computarizado en la cual se deben plantear las ventajas de una máquina de Control Numérico Computarizado, así como los beneficios educativos que se exponen a lo largo del desarrollo de la máquina....
| Main Authors: | , |
|---|---|
| Other Authors: | |
| Format: | Tesis Section = Libro |
| Language: | Undetermined Spanish |
| Published: |
Managua
UNI
2018
|
| Subjects: |
| LEADER | 01219nam a2200265Ia 4500 | ||
|---|---|---|---|
| 008 | 240830s9999 xx 000 0 und d | ||
| 040 | |a BIBLIOTECA-RUSB/ Mon 621.9023 G934 | ||
| 041 | |a spa | ||
| 082 | |a Mon 621.9023 G934 | ||
| 100 | 1 | |a Guerrero Dinarte, Carlos Romeo | |
| 100 | 1 | |b Acuña García, Francisco Aurelio | |
| 245 | 1 | 0 | |a Diseño de un Sistema de control numérico computarizado CNC, para una Fresadora de madera en tres dimensiones |
| 260 | |a Managua |b UNI |c 2018 | ||
| 300 | |a 83 p. :il. | ||
| 500 | |a Contiene: anexos y CD. | ||
| 502 | |a Tesis (Ingeniero Eléctrico) - UNI, 2018. | ||
| 520 | 3 | |a El presente trabajo consiste en analizar, diseñar e implementar una Maquina de Control Numérico Computarizado en la cual se deben plantear las ventajas de una máquina de Control Numérico Computarizado, así como los beneficios educativos que se exponen a lo largo del desarrollo de la máquina. | |
| 650 | 7 | |a MAQUINAS HERRAMIENTAS-CONTROL NUMERICO | |
| 650 | 7 | |b MAQUINARIAS-DISEÑO Y CONSTRUCION | |
| 650 | 7 | |c PROGRAMA PARA COMPUTADORA | |
| 650 | 7 | |d CONTROL NUMERICO COMPUTARIZADO | |
| 700 | 1 | |a Tutor: |b Zúñiga Guillen, Jhader Exequiel | |
| 942 | |c BK |2 ddc | ||
| 991 | |a TESIS | ||
| 999 | |c 20359 | ||